000 00681nam a22002057a 4500
005 20251108164958.0
008 250721s1990 xx 000 0 ara d
082 1 4 _a214.1/شيب
100 1 _aإبن أبي شيبه، أبو جعفر محمد بن عثمان
245 1 0 _aكتاب العرش وما روى فيه /
250 _aط2.
264 1 _aالقاهره :
_bالدار السلفيه لنشر العلم،
_c1990.
300 _a113ص
650 1 7 _aالإسلام
650 1 7 _aأصول الدين الإسلامي
650 1 7 _aالتوحيد
700 1 _aالحمود، عبد الله محمد بن حمد
_eتحقيق
942 _2ddc
_cBK
999 _c18940
_d18940